[Event "Malopolska-ch"]
[Site "Krakow"]
[Date "2023.06.09"]
[Round "4"]
[White "Gora, Antonina"]
[Black "Poysti, Nathanael Nicolai"]
[Result "0-1"]
[WhiteElo "1941"]
[BlackElo "2131"]
[PlyCount "74"]
[EventDate "2023.06.08"]
[EventType "swiss"]
[EventRounds "7"]
[EventCountry "POL"]
[SourceTitle "CBM 214 Extra"]
[Source "ChessBase"]
[SourceDate "2023.07.31"]
[SourceVersion "1"]
[SourceVersionDate "2023.07.31"]
[SourceQuality "1"]

1. e4 c5 2. Nf3 d6 3. d4 cxd4 4. Nxd4 Nf6 5. Nc3 a6 6. Be2 e5 7. Nb3 Be7 8. Be3 Be6 9. a4 Nbd7 10. f4 exf4 11. Bxf4 Ne5 12. Nd4 Qc7 13. 0-0 0-0 14. Bf3 Rac8 15. Nd5 Bxd5 16. exd5 Nfd7 17. Be4 Bf6 18. Ra3 Ng6 19. Rh3 Qc4 20. Be3 Rfe8 21. b3 Qb4 22. Bxg6 hxg6 23. Ne2 Rxe3 24. Rxe3 Qc5 25. Rxf6 Nxf6 26. Qd4 Qxc2 27. Kf1 Rc5 28. Rc3 Qb1+ 29. Kf2 Rxd5 30. Rc8+ Kh7 31. Qh4+ Rh5 32. Qc4 d5 33. Qc7 Rf5+ 34. Ke3 Qe4+ 35. Kd2 Rf2 36. Qb8 Qxe2+ 37. Kc3 Qd2# 0-1

[Event "Dublin Bolger Cup"]
[Site "Dublin"]
[Date "2022.03.26"]
[Round "2"]
[White "Gora, Antonina"]
[Black "Murchadha, Oissine"]
[Result "0-1"]
[WhiteElo "1867"]
[BlackElo "1966"]
[PlyCount "102"]
[EventDate "2022.03.25"]
[EventType "swiss"]
[EventRounds "5"]
[EventCountry "IRL"]
[SourceTitle "CBM 207 Extra"]
[Source "ChessBase"]
[SourceDate "2022.05.31"]
[SourceVersion "1"]
[SourceVersionDate "2022.05.31"]
[SourceQuality "1"]

1. e4 c6 2. d4 d5 3. exd5 cxd5 4. Bd3 Nf6 5. f4 Bg4 6. Nf3 e6 7. h3 Bxf3 8. Qxf3 g6 9. c3 Be7 10. 0-0 h5 11. g3 Nbd7 12. Nd2 a6 13. a4 Nb6 14. b4 Nc8 15. Nb3 Nd6 16. Nc5 Qc8 17. a5 Kf8 18. Bd2 Kg7 19. Qe2 Bd8 20. Be1 Qc6 21. Rf3 Re8 22. Re3 Nf5 23. b5 axb5 24. Bxb5 Qc8 25. Rd3 Rh8 26. g4 hxg4 27. hxg4 Nd6 28. Ba4 Rxa5 29. g5 Nfe4 30. Bd7 Qa8 31. Rxa5 Qxa5 32. c4 Qc7 33. Bxe6 Nxc5 34. dxc5 Qxc5+ 35. Bf2 Qc7 36. Bd4+ f6 37. gxf6+ Kf8 38. f7 dxc4 39. Bxh8 cxd3 40. Qb2 Qb6+ 41. Bd4 Qxb2 42. Bxb2 Nxf7 43. Bc3 Nd6 44. Bd5 b5 45. Bb4 Be7 46. Bc6 Nc4 47. Bxb5 d2 48. Bxe7+ Kxe7 49. Ba4 Nb2 50. Bc2 d1Q+ 51. Bxd1 Nxd1 0-1

[Event "Dublin Bolger Cup"]
[Site "Dublin"]
[Date "2022.03.25"]
[Round "1"]
[White "Fahland, Maximilian"]
[Black "Gora, Antonina"]
[Result "1-0"]
[WhiteElo "1951"]
[BlackElo "1867"]
[PlyCount "103"]
[EventDate "2022.03.25"]
[EventType "swiss"]
[EventRounds "5"]
[EventCountry "IRL"]
[SourceTitle "CBM 207 Extra"]
[Source "ChessBase"]
[SourceDate "2022.05.31"]
[SourceVersion "1"]
[SourceVersionDate "2022.05.31"]
[SourceQuality "1"]

1. d4 Nf6 2. Nf3 g6 3. g3 Bg7 4. Bg2 d6 5. 0-0 0-0 6. c4 Nbd7 7. Nc3 e5 8. e4 c6 9. h3 Qe7 10. Re1 Nb6 11. b3 Qc7 12. Be3 Rd8 13. Rc1 Nbd7 14. Qc2 Ne8 15. Kh2 Nf8 16. Rcd1 f6 17. Rd2 Be6 18. Red1 Qe7 19. dxe5 fxe5 20. c5 Rd7 21. cxd6 Nxd6 22. Bc5 Rad8 23. Bxa7 Nf7 24. Be3 g5 25. Rxd7 Nxd7 26. Na4 g4 27. hxg4 Bxg4 28. Nc5 Nxc5 29. Bxc5 Qf6 30. Rxd8+ Nxd8 31. Nh4 Ne6 32. Be3 Nf4 33. Nf5 Nxg2 34. Kxg2 Qf7 35. f3 Bxf5 36. exf5 Qd5 37. Kf2 Bf8 38. g4 Bb4 39. Qc4 Bd6 40. f4 exf4 41. Bd4 Kf7 42. Qxd5+ cxd5 43. Kf3 h6 44. Bc3 b6 45. Bd2 Kf6 46. Bxf4 Bf8 47. Be3 h5 48. Bd4+ Kg5 49. gxh5 Bc5 50. Bxc5 bxc5 51. a4 Kxf5 52. a5 1-0

[Event "IRL-ch (Women)"]
[Site "Dublin"]
[Date "2017.11.12"]
[Round "5"]
[White "O'Gorman, Alice"]
[Black "Gora, Antonina"]
[Result "1/2-1/2"]
[WhiteElo "1870"]
[BlackElo "1840"]
[PlyCount "110"]
[EventDate "2017.11.10"]
[EventType "swiss"]
[EventRounds "5"]
[EventCountry "IRL"]
[SourceTitle "EXT 2019"]
[Source "ChessBase"]
[SourceDate "2018.10.10"]
[SourceVersion "1"]
[SourceVersionDate "2018.10.10"]
[SourceQuality "1"]

1. e4 c5 2. Nf3 d6 3. d4 cxd4 4. Nxd4 Nf6 5. Nc3 a6 6. Be3 e5 7. Nb3 Be6 8. f3 Be7 9. Qd2 Nbd7 10. 0-0-0 b5 11. g4 Nb6 12. Qf2 Nfd7 13. Nd5 Bxd5 14. exd5 Nc4 15. Kb1 Nxe3 16. Qxe3 0-0 17. h4 Re8 18. g5 Rc8 19. Bd3 Nf8 20. Rdg1 f6 21. Bf5 Rc4 22. Be4 Qc7 23. Qe1 b4 24. Bd3 Rf4 25. Qg3 f5 26. Nc1 Rd4 27. Bxf5 Rxd5 28. Qh3 Bd8 29. h5 a5 30. Be4 Rc5 31. Nb3 Rb5 32. Qf1 Qd7 33. Bd3 Rb8 34. f4 e4 35. Be2 Qf5 36. Bg4 Qd5 37. Qd1 Qc6 38. h6 g6 39. Qd4 Rb7 40. Rd1 a4 41. Nc1 Rf7 42. Rhf1 Qc5 43. Ne2 a3 44. Qxc5 dxc5 45. Rd5 Bb6 46. Rfd1 Bc7 47. Rf1 Bb6 48. Rd6 Bd8 49. Rc6 Bxg5 50. Rxc5 Bxh6 51. Rb5 axb2 52. Kxb2 Ne6 53. Bxe6 Rxe6 54. Rxb4 g5 55. f5 Re5 1/2-1/2

[Event "IRL-ch (Women)"]
[Site "Dublin"]
[Date "2017.11.11"]
[Round "3"]
[White "Mirza, Diana"]
[Black "Gora, Antonina"]
[Result "0-1"]
[WhiteElo "1851"]
[BlackElo "1840"]
[PlyCount "64"]
[EventDate "2017.11.10"]
[EventType "swiss"]
[EventRounds "5"]
[EventCountry "IRL"]
[SourceTitle "EXT 2019"]
[Source "ChessBase"]
[SourceDate "2018.10.10"]
[SourceVersion "1"]
[SourceVersionDate "2018.10.10"]
[SourceQuality "1"]

1. e4 c5 2. Nf3 d6 3. d4 cxd4 4. Nxd4 Nf6 5. Nc3 a6 6. Be3 e5 7. Nb3 Be6 8. f3 Be7 9. Qd2 Qc7 10. 0-0-0 b5 11. g4 Nc6 12. Kb1 Rc8 13. g5 Nd7 14. Qf2 Na5 15. Nd5 Bxd5 16. exd5 Nc4 17. Bxc4 bxc4 18. Nc1 c3 19. b3 a5 20. f4 a4 21. fxe5 dxe5 22. Qh4 axb3 23. axb3 Qd6 24. Na2 0-0 25. Rd3 Ra8 26. Nxc3 Qa3 27. Na4 Rfb8 28. Rc3 Rxa4 29. Qxa4 Qxa4 30. Rc8+ Bf8 31. Rxb8 Qe4 32. Rxf8+ Kxf8 0-1

[Event "POL-chT U19 2nd League"]
[Site "Iwonicz"]
[Date "2015.08.01"]
[Round "9.41"]
[White "Gora, Antonina"]
[Black "Maciak, Gabriela"]
[Result "1-0"]
[WhiteElo "1878"]
[BlackElo "1553"]
[PlyCount "85"]
[EventDate "2015.07.25"]
[EventType "team-swiss"]
[EventRounds "11"]
[EventCountry "POL"]
[SourceTitle "EXT 2019"]
[Source "ChessBase"]
[SourceDate "2018.10.10"]
[SourceVersion "1"]
[SourceVersionDate "2018.10.10"]
[SourceQuality "1"]
[WhiteTeam "Tomaszow Lubelski UKS GIM Dwojka U19"]
[BlackTeam "Legnica Miedz U19"]
[WhiteTeamCountry "POL"]
[BlackTeamCountry "POL"]

1. e4 c5 2. Nf3 e6 3. d4 cxd4 4. Nxd4 Nc6 5. Nb5 d6 6. c4 a6 7. N5c3 Nf6 8. Be2 Be7 9. 0-0 0-0 10. Na3 Qc7 11. Bf4 b6 12. Rc1 Bb7 13. f3 Ne5 14. Be3 Ned7 15. Nc2 Rfd8 16. Nd4 Rac8 17. b4 Qb8 18. Qb3 Ne5 19. Na4 Ba8 20. Nxb6 Qxb6 21. Nxe6 Qb7 22. Nxd8 Bxd8 23. Kh1 h6 24. Bf4 Nh5 25. Bxe5 dxe5 26. c5 Bg5 27. Rcd1 Bf4 28. Bc4 Qe7 29. Kg1 Qh4 30. Bxf7+ Kh8 31. h3 Ng3 32. Rfe1 Bc6 33. Qe6 Bb7 34. c6 Rf8 35. cxb7 Nh5 36. Qd6 Bh2+ 37. Kxh2 Qf4+ 38. Kg1 Qxf7 39. b8Q Rxb8 40. Qxb8+ Kh7 41. Qxe5 Qg6 42. Qf5 Qxf5 43. exf5 1-0

[Event "POL-chT U19 2nd League"]
[Site "Iwonicz"]
[Date "2015.08.01"]
[Round "1.101"]
[White "Gora, Antonina"]
[Black "Mielczarek, Joanna"]
[Result "1-0"]
[WhiteElo "1878"]
[BlackElo "1517"]
[PlyCount "47"]
[EventDate "2015.07.25"]
[EventType "team-swiss"]
[EventRounds "11"]
[EventCountry "POL"]
[SourceTitle "EXT 2019"]
[Source "ChessBase"]
[SourceDate "2018.10.10"]
[SourceVersion "1"]
[SourceVersionDate "2018.10.10"]
[SourceQuality "1"]
[WhiteTeam "Tomaszow Lubelski UKS GIM Dwojka U19"]
[BlackTeam "Czestochowa UKS Hetman U19"]
[WhiteTeamCountry "POL"]
[BlackTeamCountry "POL"]

1. e4 e5 2. Nf3 Nf6 3. Nc3 Nc6 4. d4 exd4 5. Nxd4 Bb4 6. Qd3 0-0 7. Bd2 Re8 8. Nxc6 bxc6 9. f3 a5 10. 0-0-0 Ba6 11. Qd4 c5 12. Qf2 c4 13. Qd4 c5 14. Qf2 Qb6 15. a3 Bxa3 16. bxa3 Rab8 17. Bg5 Qb2+ 18. Kd2 Rb6 19. Bxf6 Rxf6 20. Qxc5 Rc8 21. Qxa5 Rd6+ 22. Ke1 Rxd1+ 23. Kxd1 Qb8 24. Qxa6 1-0

[Event "POL-chT U19 2nd League"]
[Site "Iwonicz"]
[Date "2015.08.01"]
[Round "11.71"]
[White "Wilant, Marta"]
[Black "Gora, Antonina"]
[Result "0-1"]
[WhiteElo "1225"]
[BlackElo "1878"]
[PlyCount "54"]
[EventDate "2015.07.25"]
[EventType "team-swiss"]
[EventRounds "11"]
[EventCountry "POL"]
[SourceTitle "EXT 2019"]
[Source "ChessBase"]
[SourceDate "2018.10.10"]
[SourceVersion "1"]
[SourceVersionDate "2018.10.10"]
[SourceQuality "1"]
[WhiteTeam "Kozuchow Odrodzenie U19"]
[BlackTeam "Tomaszow Lubelski UKS GIM Dwojka U19"]
[WhiteTeamCountry "POL"]
[BlackTeamCountry "POL"]

1. d4 d5 2. Nf3 Nf6 3. Bf4 Bf5 4. e3 e6 5. Nbd2 Bd6 6. Bxd6 cxd6 7. Bd3 Bg6 8. 0-0 Nbd7 9. Bxg6 fxg6 10. Re1 Ne4 11. Nxe4 dxe4 12. Nd2 d5 13. c4 0-0 14. c5 Nf6 15. b4 Qd7 16. a4 a6 17. Qb3 Qc7 18. h3 g5 19. Nf1 g4 20. hxg4 Nxg4 21. Re2 Rf6 22. Qb2 Raf8 23. b5 Qf7 24. f3 exf3 25. gxf3 Rxf3 26. Rae1 Rxf1+ 27. Kg2 Qf3# 0-1

[Event "POL-ch U18 Girls"]
[Site "Karpacz"]
[Date "2015.??.??"]
[Round "2"]
[White "Rudnik, Anna"]
[Black "Gora, Antonina"]
[Result "0-1"]
[WhiteElo "1762"]
[BlackElo "1893"]
[PlyCount "148"]
[EventDate "2015.03.??"]
[EventType "swiss"]
[EventRounds "9"]
[EventCountry "POL"]
[SourceTitle "EXT 2017"]
[Source "ChessBase"]
[SourceDate "2016.10.25"]
[SourceVersion "1"]
[SourceVersionDate "2016.10.25"]
[SourceQuality "1"]

1. e4 c5 2. Nf3 d6 3. d4 cxd4 4. Nxd4 Nf6 5. Nc3 a6 6. f4 e6 7. Be2 Qc7 8. 0-0 Be7 9. Kh1 b5 10. a3 Bb7 11. Bf3 Nbd7 12. Qe1 0-0 13. Bd2 Nb6 14. Rd1 Rac8 15. Bc1 Nc4 16. Rd3 Nd7 17. b3 Ncb6 18. g4 Bf6 19. Nce2 Nc5 20. Re3 e5 21. Nf5 exf4 22. Nxf4 Ne6 23. Rd3 Be5 24. Bg2 Qxc2 25. Ne7+ Kh8 26. Nxc8 Rxc8 27. Rd1 Nc5 28. Nd5 Nxd5 29. exd5 Nxb3 30. Rxf7 Nc5 31. Be3 Qg6 32. Rf1 Kg8 33. Qh4 Ne4 34. Rc1 Re8 35. Rcd1 Bf6 36. Qh3 Ng5 37. Bxg5 Qxg5 38. Rf5 Qg6 39. Qf3 Bc8 40. Rf4 Be5 41. Rb4 a5 42. Re4 Rf8 43. Qe2 Qh6 44. h3 Qh4 45. Rf1 Rxf1+ 46. Bxf1 Bd7 47. Qf3 Qg5 48. Re2 h6 49. Rf2 Bf6 50. Qe4 Qh4 51. Kg2 h5 52. Be2 Qg5 53. Qf3 hxg4 54. hxg4 b4 55. axb4 axb4 56. Bd1 Qe5 57. Bc2 Kf8 58. Re2 Qg5 59. Re4 Qd2+ 60. Re2 Qg5 61. Bf5 Bxf5 62. Qxf5 Qxf5 63. gxf5 b3 64. Re4 Bc3 65. Rf4 b2 66. Rf1 Bd2 67. Rb1 Bc1 68. Kf3 Ke7 69. Kg3 Kf6 70. Kg4 Ke5 71. Kh4 Kxf5 72. Kh5 g5 73. Kh6 g4+ 74. Kh5 g3 0-1

[Event "Agneaux St Lo op U20 16th"]
[Site "Agneaux"]
[Date "2014.07.12"]
[Round "8"]
[White "Gora, Antonina"]
[Black "Roque, Gaetan"]
[Result "1/2-1/2"]
[WhiteElo "1832"]
[BlackElo "1925"]
[PlyCount "102"]
[EventDate "2014.07.06"]
[EventType "swiss"]
[EventRounds "9"]
[EventCountry "FRA"]
[SourceTitle "EXT 2015"]
[Source "ChessBase"]
[SourceDate "2014.11.20"]
[SourceVersion "1"]
[SourceVersionDate "2014.11.20"]
[SourceQuality "1"]

1. e4 Nf6 2. e5 Nd5 3. c4 Nb6 4. d4 d6 5. exd6 exd6 6. Nc3 Be7 7. Be3 0-0 8. Nf3 Bg4 9. b3 Re8 10. Be2 Bf6 11. Qd2 Nc6 12. 0-0 d5 13. c5 Nc8 14. h3 Bh5 15. Rac1 N8e7 16. g4 Qd7 17. gxh5 Qxh3 18. Nh2 Qh4 19. f4 Nf5 20. Bf2 Bxd4 21. Bxd4 Ncxd4 22. Bg4 Ne3 23. Qf2 Qf6 24. Rfe1 Nxg4 25. Nxg4 Qf5 26. Ne5 Ne6 27. Nxd5 f6 28. Ne3 Qxf4 29. N5g4 Qxf2+ 30. Nxf2 Nd4 31. Kg2 Re5 32. Rcd1 Ne6 33. Nd5 Rxe1 34. Rxe1 Re8 35. Kf1 Kf7 36. b4 c6 37. Nc3 Nf4 38. Rxe8 Kxe8 39. Nce4 Nxh5 40. Nd6+ Kd7 41. Nxb7 Nf4 42. a4 Nd5 43. Nd3 Nc3 44. Nb2 g5 45. Nd6 a6 46. Kf2 h5 47. Kg3 Nd5 48. Nd3 Nc3 49. Nb2 Nd5 50. Nd3 Nc3 51. Nb2 Nd5 1/2-1/2

[Event "Agneaux St Lo op U20 16th"]
[Site "Agneaux"]
[Date "2014.07.09"]
[Round "5"]
[White "Gagarin, Vasily"]
[Black "Gora, Antonina"]
[Result "0-1"]
[WhiteElo "1857"]
[BlackElo "1832"]
[PlyCount "78"]
[EventDate "2014.07.06"]
[EventType "swiss"]
[EventRounds "9"]
[EventCountry "FRA"]
[SourceTitle "EXT 2015"]
[Source "ChessBase"]
[SourceDate "2014.11.20"]
[SourceVersion "1"]
[SourceVersionDate "2014.11.20"]
[SourceQuality "1"]

1. e4 c5 2. Nf3 d6 3. c3 Nf6 4. h3 Nc6 5. Bd3 d5 6. e5 Nd7 7. e6 fxe6 8. Ng5 Nf6 9. Qc2 Qc7 10. 0-0 e5 11. Bxh7 e4 12. Bg6+ Kd7 13. f4 Rh6 14. Bf5+ Ke8 15. Bxc8 Rxc8 16. d3 exd3 17. Qxd3 c4 18. Qf5 Nd8 19. Nd2 Qb6+ 20. Kh1 e6 21. Qc2 Ng4 22. Ndf3 Bc5 23. Ne5 Nf6 24. Qe2 Nc6 25. f5 Nh5 26. Rf3 Nxe5 27. Qxe5 Bd6 28. Qe1 e5 29. Ne6 Rh7 30. Be3 Qb5 31. Bd4 e4 32. Ng5 Rh6 33. g4 Kd7 34. Nf7 exf3 35. gxh5 Qxb2 36. Bf2 Re8 37. Qb1 Qxf2 38. Qxb7+ Bc7 39. Qxd5+ Ke7 0-1

[Event "POL-chT U19 44th"]
[Site "Karpacz"]
[Date "2013.07.29"]
[Round "8"]
[White "Gora, Antonina"]
[Black "Murawko, Katarzyna"]
[Result "1-0"]
[WhiteElo "1832"]
[BlackElo "1877"]
[PlyCount "75"]
[EventDate "2013.07.22"]
[EventType "team-tourn"]
[EventRounds "9"]
[EventCountry "POL"]
[SourceTitle "EXT 2014"]
[Source "ChessBase"]
[SourceDate "2013.11.20"]
[SourceVersion "1"]
[SourceVersionDate "2013.11.20"]
[SourceQuality "1"]
[WhiteTeam "Tomaszow Lubelski UKS GIM Dwojka U19"]
[BlackTeam "Suwalki Hancza U19"]
[WhiteTeamCountry "POL"]
[BlackTeamCountry "POL"]

1. e4 c5 2. Nf3 e6 3. d4 cxd4 4. Nxd4 Qb6 5. Nc3 a6 6. Nb3 Qc7 7. Be3 b5 8. a3 Bb7 9. f3 Nf6 10. Qd2 d5 11. exd5 Nxd5 12. Nxd5 Bxd5 13. Bd3 Bd6 14. Qf2 Nd7 15. Nd2 f5 16. f4 Nf6 17. h3 g5 18. 0-0 gxf4 19. Bxf4 e5 20. Rae1 Kf7 21. Bg5 Bc5 22. Be3 Rhg8 23. Nf3 e4 24. Nh4 Bxe3 25. Rxe3 f4 26. Be2 f3 27. Nxf3 exf3 28. Bxf3 Kg7 29. Bxd5 Nxd5 30. Rg3+ Kh8 31. Qd4+ Rg7 32. Rxg7 Qxg7 33. Qxd5 Rg8 34. c3 Re8 35. Qd6 Qa7+ 36. Kh1 Rg8 37. Rf8 Qb7 38. Qf6+ 1-0

[Event "POL-chT U19 44th"]
[Site "Karpacz"]
[Date "2013.07.25"]
[Round "4"]
[White "Wozniak, Mariola"]
[Black "Gora, Antonina"]
[Result "1-0"]
[WhiteElo "2016"]
[BlackElo "1832"]
[PlyCount "97"]
[EventDate "2013.07.22"]
[EventType "team-tourn"]
[EventRounds "9"]
[EventCountry "POL"]
[SourceTitle "EXT 2014"]
[Source "ChessBase"]
[SourceDate "2013.11.20"]
[SourceVersion "1"]
[SourceVersionDate "2013.11.20"]
[SourceQuality "1"]
[WhiteTeam "Trzebinia UKS Hetman Koronny U19"]
[BlackTeam "Tomaszow Lubelski UKS GIM Dwojka U19"]
[WhiteTeamCountry "POL"]
[BlackTeamCountry "POL"]

1. e4 c5 2. Nf3 d6 3. d4 cxd4 4. Nxd4 Nf6 5. Nc3 a6 6. Be2 e5 7. Nb3 Be7 8. 0-0 0-0 9. Be3 Be6 10. Qd2 Nbd7 11. a4 Rc8 12. Rfd1 Qc7 13. Qe1 h6 14. a5 Nc5 15. Nxc5 dxc5 16. Nd5 Bxd5 17. exd5 Bd6 18. g3 e4 19. f4 exf3 20. Bxf3 Rfe8 21. Qf2 Rcd8 22. Kh1 Nd7 23. Bg2 Ne5 24. Ra4 Qd7 25. Ra3 Nc4 26. Rc3 Nxb2 27. Rb1 Na4 28. Rc4 Rb8 29. Bf3 b5 30. Rg4 Kh8 31. Qd2 Bf8 32. Qd3 Qe7 33. Bf4 Rbd8 34. d6 Qe6 35. Rh4 Bxd6 36. Bd5 Qf6 37. Bxh6 gxh6 38. Rf1 Qg5 39. Rxf7 Re1+ 40. Kg2 Re2+ 41. Kf1 Qc1+ 42. Kxe2 Re8+ 43. Kf3 Qh1+ 44. Kg4 Rg8+ 45. Kh3 Rxg3+ 46. Qxg3 Bxg3 47. Rxh6+ Kg8 48. Rg6+ Kh8 49. Bxh1 1-0

[Event "POL-chT U19 44th"]
[Site "Karpacz"]
[Date "2013.07.22"]
[Round "2"]
[White "Dziodzio, Angelika"]
[Black "Gora, Antonina"]
[Result "1-0"]
[WhiteElo "1937"]
[BlackElo "1832"]
[PlyCount "75"]
[EventDate "2013.07.22"]
[EventType "team-tourn"]
[EventRounds "9"]
[EventCountry "POL"]
[SourceTitle "EXT 2014"]
[Source "ChessBase"]
[SourceDate "2013.11.20"]
[SourceVersion "1"]
[SourceVersionDate "2013.11.20"]
[SourceQuality "1"]
[WhiteTeam "Rybnik MKSz U19"]
[BlackTeam "Tomaszow Lubelski UKS GIM Dwojka U19"]
[WhiteTeamCountry "POL"]
[BlackTeamCountry "POL"]

1. e4 c5 2. Nf3 d6 3. d4 cxd4 4. Nxd4 Nf6 5. f3 Nc6 6. c4 g6 7. Nc3 Qb6 8. Nc2 Bg7 9. Rb1 Ng4 10. fxg4 Bxc3+ 11. Bd2 Bxd2+ 12. Qxd2 Bxg4 13. Ne3 Be6 14. Be2 Ne5 15. b3 0-0 16. 0-0 f5 17. exf5 Bxf5 18. Rbe1 e6 19. Kh1 Be4 20. Bg4 Bf5 21. Bxf5 gxf5 22. Nc2 Rf6 23. Nd4 Re8 24. h3 Rg6 25. Ne2 Qc6 26. Nf4 Rg7 27. Re2 Qd7 28. Nh5 Qe7 29. Nxg7 Kxg7 30. Qd4 b6 31. Rd1 Qg5 32. Qxd6 Nf7 33. Qd2 Qg3 34. Re3 Qg6 35. Qc3+ Kf8 36. Rf3 Ng5 37. Rd7 e5 38. Qb4+ 1-0

[Event "POL-chT U19 44th"]
[Site "Karpacz"]
[Date "2013.07.22"]
[Round "1"]
[White "Gora, Antonina"]
[Black "Jedrocha, Katarzyna"]
[Result "1/2-1/2"]
[WhiteElo "1832"]
[BlackElo "1676"]
[PlyCount "104"]
[EventDate "2013.07.22"]
[EventType "team-tourn"]
[EventRounds "9"]
[EventCountry "POL"]
[SourceTitle "EXT 2014"]
[Source "ChessBase"]
[SourceDate "2013.11.20"]
[SourceVersion "1"]
[SourceVersionDate "2013.11.20"]
[SourceQuality "1"]
[WhiteTeam "Tomaszow Lubelski UKS GIM Dwojka U19"]
[BlackTeam "Krakow KKSz 1893 U19"]
[WhiteTeamCountry "POL"]
[BlackTeamCountry "POL"]

1. e4 e5 2. Nf3 Nf6 3. d3 Nc6 4. g3 d5 5. exd5 Nxd5 6. Bg2 Bc5 7. 0-0 0-0 8. Re1 f6 9. c3 Kh8 10. b4 Bb6 11. a4 a6 12. Ba3 Re8 13. Qd2 Bf5 14. Nh4 Be6 15. Qe2 Qd7 16. Qb2 Nde7 17. b5 axb5 18. axb5 Nd8 19. Rd1 Bd5 20. Nf3 Nf7 21. Nbd2 Nd6 22. c4 Bxf3 23. Nxf3 Ba5 24. Rab1 c6 25. b6 Nec8 26. Bb4 Bxb4 27. Qxb4 Ra6 28. c5 Nb5 29. Ra1 Rxa1 30. Rxa1 Qxd3 31. Nd2 Ne7 32. Bf1 Qc3 33. Qxc3 Nxc3 34. Nc4 Nb5 35. Na5 Ra8 36. Rd1 Rxa5 37. Rd8+ Ng8 38. Bc4 h6 39. Bxg8 Nd4 40. Bf7+ Kh7 41. Rb8 Rxc5 42. Rxb7 Rb5 43. Rb8 Nb3 44. h4 g6 45. Bg8+ Kg7 46. Bc4 Rb4 47. b7 Na5 48. Ba6 c5 49. Rc8 Nxb7 50. Rc7+ Kf8 51. Bxb7 Rb5 52. Bd5 f5 1/2-1/2

[Event "POL-chT Otwarta Lubelska"]
[Site "Wojewodztwo Lubelskie"]
[Date "2013.01.20"]
[Round "5.15"]
[White "Gora, Antonina"]
[Black "Gorzkiewicz, Marta"]
[Result "0-1"]
[WhiteElo "1842"]
[BlackElo "1791"]
[PlyCount "80"]
[EventDate "2013.01.06"]
[EventType "team-tourn"]
[EventRounds "14"]
[EventCountry "POL"]
[SourceTitle "EXT 2020"]
[Source "ChessBase"]
[SourceDate "2019.10.17"]
[SourceVersion "1"]
[SourceVersionDate "2019.10.17"]
[SourceQuality "1"]
[WhiteTeam "Kurow"]
[BlackTeam "Lubelski LUKS Tomasovia Tomaszow"]
[WhiteTeamCountry "POL"]
[BlackTeamCountry "POL"]

1. e4 e5 2. Nf3 Nc6 3. Bc4 Bc5 4. c3 Nf6 5. d3 h6 6. 0-0 d6 7. h3 0-0 8. Nbd2 a6 9. Bb3 b5 10. Re1 Bb6 11. Nf1 Ne7 12. Ng3 Ng6 13. d4 Bb7 14. d5 Nd7 15. Nf5 Ne7 16. N3h4 Nxf5 17. Nxf5 Kh7 18. Qh5 Nf6 19. Qh4 Ng8 20. Qg3 Qf6 21. Bc2 Bc8 22. Ne3 Ne7 23. Rf1 Qg6 24. Qf3 Bxe3 25. Qxe3 Nxd5 26. exd5 Qxc2 27. f4 exf4 28. Rxf4 Qd1+ 29. Kh2 Qxd5 30. Bd2 Bb7 31. Qf2 Rae8 32. Rf1 Re6 33. Rd4 Qc6 34. Rg4 f5 35. Rg3 g5 36. Rf3 f4 37. Re1 Rfe8 38. Rxe6 Rxe6 39. Bxf4 Qc4 40. b3 Qe2 0-1

[Event "POL-chT Otwarta Lubelska"]
[Site "Wojewodztwo Lubelskie"]
[Date "2013.01.20"]
[Round "6.15"]
[White "Gorzkiewicz, Marta"]
[Black "Gora, Antonina"]
[Result "1-0"]
[WhiteElo "1791"]
[BlackElo "1842"]
[PlyCount "110"]
[EventDate "2013.01.06"]
[EventType "team-tourn"]
[EventRounds "14"]
[EventCountry "POL"]
[SourceTitle "EXT 2020"]
[Source "ChessBase"]
[SourceDate "2019.10.17"]
[SourceVersion "1"]
[SourceVersionDate "2019.10.17"]
[SourceQuality "1"]
[WhiteTeam "Lubelski LUKS Tomasovia Tomaszow"]
[BlackTeam "Kurow"]
[WhiteTeamCountry "POL"]
[BlackTeamCountry "POL"]

1. e4 c5 2. Na3 d6 3. f4 a6 4. Nf3 Nc6 5. c3 Qc7 6. Be2 Nf6 7. d3 e6 8. 0-0 Be7 9. Qe1 0-0 10. Nc2 c4 11. d4 Nxe4 12. Bxc4 Nf6 13. Bd3 b5 14. Nh4 Bb7 15. Qg3 Kh8 16. Ne3 Qd8 17. Nf3 h6 18. Ng4 Nxg4 19. Qxg4 f5 20. Qg3 Bf6 21. Qe1 Qd7 22. Nh4 Bxh4 23. Qxh4 Ne7 24. Be2 Rf6 25. Bf3 Nd5 26. Bd2 Re8 27. b3 Rc8 28. Rac1 Ne7 29. Qe1 Ng6 30. Ra1 Re8 31. a4 e5 32. fxe5 dxe5 33. Bxb7 Qxb7 34. dxe5 Rxe5 35. Qf2 f4 36. Qf3 Qf7 37. axb5 Rxb5 38. b4 Rd5 39. Be1 Ne5 40. Qe4 Ng4 41. h3 Ne3 42. Rf2 Rg5 43. Qa8+ Kh7 44. Rxa6 Rfg6 45. Qe4 Rf5 46. Ra8 Re6 47. Qd3 Nxg2 48. Rxg2 Rxe1+ 49. Kf2 Ree5 50. Qd8 Rg5 51. Rxg5 Rxg5 52. Qd3+ Rg6 53. Ra6 h5 54. Rxg6 Qxg6 55. Qxg6+ Kxg6 1-0

[Event "POL-ch U16 Girls"]
[Site "Szczyrk"]
[Date "2013.??.??"]
[Round "8"]
[White "Gora, Antonina"]
[Black "Burakowska, Gabriela"]
[Result "1/2-1/2"]
[WhiteElo "1831"]
[BlackElo "1648"]
[PlyCount "80"]
[EventDate "2013.03.17"]
[EventType "swiss"]
[EventRounds "9"]
[EventCountry "POL"]
[SourceTitle "CBM 153 Extra"]
[Source "ChessBase"]
[SourceDate "2013.04.22"]
[SourceVersion "1"]
[SourceVersionDate "2013.04.22"]
[SourceQuality "1"]

1. e4 c5 2. Nf3 e6 3. d4 cxd4 4. Nxd4 a6 5. c4 Qc7 6. Nc3 Nc6 7. Nc2 Nf6 8. Be2 b6 9. Be3 Ne5 10. b3 Bb7 11. f4 Ng6 12. e5 Ne4 13. Nxe4 Bxe4 14. Bf3 Qc6 15. Nd4 Bb4+ 16. Kf2 Qb7 17. Bxe4 Qxe4 18. Qf3 Qxf3+ 19. Nxf3 Bc5 20. Bxc5 bxc5 21. Ke3 Ke7 22. Rhd1 f6 23. Rd2 fxe5 24. fxe5 Rhf8 25. Rad1 Ra7 26. g3 a5 27. Ke4 Rb8 28. h4 a4 29. Rd3 axb3 30. axb3 Rab7 31. Nd2 h5 32. Rf1 Rf8 33. Rxf8 Kxf8 34. Nb1 Ke7 35. Na3 Ra7 36. Nb5 Ra1 37. Re3 Rf1 38. Nd6 Rf2 39. Re1 Rb2 40. Re3 Rf2 1/2-1/2

[Event "Ogolnopolski-ch 55th"]
[Site "Zamosc"]
[Date "2013.??.??"]
[Round "8"]
[White "Gora, Antonina"]
[Black "Byrka, Joanna"]
[Result "0-1"]
[WhiteElo "1832"]
[BlackElo "1959"]
[PlyCount "80"]
[EventDate "2013.06.07"]
[EventType "swiss"]
[EventRounds "9"]
[EventCountry "POL"]
[SourceTitle "EXT 2014"]
[Source "ChessBase"]
[SourceDate "2013.11.20"]
[SourceVersion "1"]
[SourceVersionDate "2013.11.20"]
[SourceQuality "1"]

1. e4 c5 2. Nf3 Nc6 3. Bb5 e6 4. d4 cxd4 5. Nxd4 Nge7 6. 0-0 a6 7. Bxc6 Nxc6 8. Nc3 Be7 9. Nxc6 bxc6 10. Qg4 Kf8 11. e5 h5 12. Qe4 Bb7 13. Be3 Qc7 14. Rad1 c5 15. Qd3 Bc6 16. f4 g6 17. b3 Qb7 18. Rf2 Rd8 19. Qc4 Qb4 20. Qxb4 cxb4 21. Ne2 Kg7 22. Bb6 Rc8 23. Nd4 Bd5 24. f5 Bc5 25. Bxc5 Rxc5 26. fxg6 Kxg6 27. Rf6+ Kg7 28. Re1 Rh6 29. Rxh6 Kxh6 30. Kf2 Ra5 31. Kg3 Rxa2 32. Kh4 Bxg2 33. Re2 Bd5 34. Rf2 Kg6 35. Rf6+ Kg7 36. Rf4 Ra1 37. Kxh5 Re1 38. Rg4+ Kf8 39. Kh6 Rxe5 40. h4 Re4 0-1